Inverse problems in quantum scattering theory /

Guardado en:
Autor Principal: Chadan, K.
Otros Autores: Sabatier, Pierre Célestin, 1935-
Formato: Libro
Idioma:English
Publicado: New York : Springer-Verlag, c1977.
Series:Texts and monographs in physics
Materias:
Etiquetas: Agregar Etiqueta
Sin Etiquetas, Sea el primero en etiquetar este registro!
LEADER 00957cam a2200265 a 4500
001 MAT.inmabb004610
008 761130s1977####nyua#####b####001#0#eng##
005 20130314125308.0
245 1 0 |a Inverse problems in quantum scattering theory /  |c K. Chadan and P. C. Sabatier ; with a foreword by R. G. Newton. 
260 |a New York :  |b Springer-Verlag,  |c c1977. 
300 |a xxii, 344 p. :  |b il. ;  |c 24 cm. 
440 0 |a Texts and monographs in physics 
504 |a Bibliografía: p. [317]-340. 
510 4 |a MR,  |c 58 #25578 
020 |a 0387080929 
100 1 |a Chadan, K.  |q (Khosrow) 
700 1 |a Sabatier, Pierre Célestin,  |d 1935- 
650 0 |a Scattering (Physics) 
650 0 |a Scattering (Mathematics) 
650 0 |a Quantum theory. 
650 0 |a Inverse problems (Differential equations) 
084 |a 81-02 (34A55 34L25 35P25 35R30 47E05 47F05 81Uxx)  |2 msc2000 
010 |a  76051250  
040 |a DLC  |c DLC  |d DLC 
859 |h 81  |i C432  |p A-4501  |b BIB. MATEMATICA